000
00303nam a22001217a 4500
020
_a
0-07-050616-7
082
_a
621.4021 POT'T
100
_a
POTTER, M. C
_9
67787
245
_a
THEORY AND PROBLEMS OF ENGINEERING THERMODYNAMICS
260
_a
NEWYORK
_b
MCGRAW HILL
_c
1993
300
_a
355P
942
_c
BK
999
_c
575496
_d
575496